00320 2200145 4500001002100000005001500021035002000036245002600056100001600082300001100098260003100109082000800140084001400148990001200162INLIS00000000000211220250527105554 a0010-05250004041 aPastel /cMarie Bluke0 aMarie Bluke a96 hlm aJakarta :bErlangga,c2000 a700 a700 MAR p a0713124